Hitler or Gandhi? Who said the quote - Statistics

General Stats
  • This quiz has been taken 293 times
  • The average score is 7 of 15
Answer Stats
Question Answer % Correct
Kaffirs are as a rule uncivilized—the convicts even more so. They are troublesome, very dirty and live almost like animals, Gandhi
74%
Be the change that you wish to see in the world Gandhi
74%
An eye for an eye will only make the whole world blind Gandhi
70%
The leader of genius must have the ability to make different opponents appear as if they belonged to one category Hitler
70%
The man who has no sense of history, is like a man who has no ears or eyes Hitler
52%
A nations culture resides in the hearts and in the soul of its people Gandhi
48%
The future depends on what you do today Gandhi
48%
Do not compare yourself to others. If you do so, you are insulting yourself. Hitler
48%
The best way to find yourself is to lose yourself in the service of others Gandhi
43%
Think Thousand times before taking a decision But - After taking decision never turn back even if you get Thousand difficulties!! Hitler
43%
Words build bridges into unexplored regions Hitler
43%
Reading is not an end to itself, but a means to an end Hitler
43%
Many of his reforms attract me. He seems to have done much for the peasant class. I admit an iron hand is there. But as violence is the basis of Western society, Mussolini's reforms deserve an impartial study Gandhi
39%
A man is but the product of his thoughts. What he thinks, he becomes Gandhi
30%
Anyone can deal with victory. Only the mighty can bear defeat Hitler
13%
No matching quizzes found
Score Distribution
Percent of People with Each Score
Percentile by Number Answered
Your Score History
You have not taken this quiz